| 000 | 00486nam a2200145 i 4500 | ||
|---|---|---|---|
| 001 | 72493 | ||
| 003 | ES-MaACL | ||
| 005 | 20230906171442.0 | ||
| 007 | t| | ||
| 008 | 040901s1909 it ||||1| ita d | ||
| 100 | 1 |
_aGiretti, Edoardo. _957258 |
|
| 245 | 1 | 0 |
_aFrancisco Ferrer ed il clericalismo _b: appunti del discorso pronunciato al comicio publico timto รก Pinerolo il giomo 17 ottobre 1909 / _cEdoardo Girettti. |
| 260 |
_aPinerolo : _b[s.n., _c1909] |
||
| 852 |
_aES-MaACL _jT-1193-F-2 |
||
| 999 |
_c72493 _d72493 |
||